| 000 | 00601nam a2200193Ia 4500 | ||
|---|---|---|---|
| 005 | 20260429112241.0 | ||
| 008 | 260429s9999||||xx |||||||||||||| ||und|| | ||
| 020 | _a9788171786831 | ||
| 041 | _aHindi | ||
| 082 |
_a891.433 _bMUN |
||
| 100 | _aमुंशी, के.एम. | ||
| 245 | 0 |
_aपांच पांडव / _cके.एम. मुंशी |
|
| 250 | _a10th ed. | ||
| 260 |
_aनई दिल्ली : _bराजकमल प्रकाशन, _c2024. |
||
| 300 | _avi, 411 p.; Hb | ||
| 650 | _aNovel | ||
| 700 | _a ओझा, प्रफुलचंद्र | ||
| 942 | _cTB | ||
| 999 |
_c53127 _d53127 |
||